Монгол улсын төв номын сангийн түүхэн товчоо (Бичлэгийн дугаар. 67977)
[ энгийн харах ]
| 000 -Удирдлага | |
|---|---|
| Ном зүйн бүртгэл тоо буюу кодлох утгыг агуулсан | 01227 a2200241 4500 |
| 003 - ХЯНАЛТЫН ТОО ТОДОРХОЙЛОГЧ | |
| Код | MN-UlNLM |
| 005 - ХАМГИЙН СҮҮЛИЙН ҮЕИЙН ХЭЛЦЛИЙН ОГНОО БА ЦАГ | |
| Тухайн бичилтийг бичсэн засварласан сүүлийн огноо. | 20220602165654.0 |
| 008 - ЕРӨНХИЙ МЭДЭЭЛЭЛ-ЭЛЕМЕНТҮҮДИЙН ӨГӨГДЛИЙН УРТ | |
| fixed length control field | a130t2000 mp ||||| |||| 00| 0 mon d |
| 040 ## - ЭХ СУРВАЛЖИЙГ ТОДОРХОЙЛОН БИЧИХ | |
| Анхны каталогийн байгууллага | Монгол Улсын Үндэсний номын сан |
| 084 ## - БУСАД АНГИЛЛЫН ДУГААР | |
| Анги | 78.33(5Мон) |
| Ангиллын нэр | Номын сан номзүйн ангилал |
| Зохиогчийн 3-н тэмдэгт | Б 17 |
| Шинжлэх ухааны мэдлэгийн салбар | Соёл, шинжлэх ухаан, боловсрол - 7 |
| 100 1# - ЗОХИОГЧИЙН ХЭСЭГ | |
| Зохиогчийн нэр | Базар Ш. |
| 110 ## - ДЭЭД ГАРЧГИЙН МЭДЭЭ | |
| Эрхлэн гаргасан байгууллагын нэр | Монгол улсын төв номын сан |
| 245 0# - ҮНДСЭН ГАРЧИГ | |
| Гарчиг | Монгол улсын төв номын сангийн түүхэн товчоо |
| Оролцогчдын тухай мэдээ | Хян. Ж.Сэржээ |
| 250 ## - ХЭВЛЭЛТИЙН ТУХАЙ МЭДЭЭ | |
| Дахин хэвлэлтийн мэдээ | 1 |
| 260 0# - ГАРАЛТЫН ТУХАЙ МЭДЭЭ | |
| Хэвлэгдсэн газар | УБ |
| Хэвлэгдсэн он | 2000 |
| 300 ## - ТООНЫ МЭДЭЭ | |
| Хуудасны тоо | 91х |
| 546 ## - ХЭЛНИЙ ТУХАЙ МЭДЭЭ | |
| Хэл | |
| 653 ## - ТҮЛХҮҮР ҮГС | |
| Түлхүүр үг | Соёл шинжлэх ухаан, боловсрол |
| -- | Номын сан |
| 740 ## - НОМЫН АГУУЛГЫН ГАРЧИГ | |
| Номын гарчгууд | Монгол номын уламжлалаас. |
| -- | Монгол номын сангийн уламжлалаас. |
| -- | Монгол улсад номын сан байгуулагдсан түүхээс. |
| -- | Монгол улсын төв номын сан: 1940-1950. |
| -- | Монгол улсын төв номын сан: 1960-2000. |
| -- | Номд орсон үйл явдлын тухай тайлбар. |
| -- | Төрийн дээд одон медалиар шагнагдагсад. |
| 856 ## - ЭЛЕКТРОН БАЙРЛАЛ БА ХОЛБООС | |
| Төрөл | Хэвлэмэл ном |
| 942 ## - ЭЛЕМЕНТИЙН ТӨРӨЛ | |
| Төрөл | Ном |
| Буцаан татагдсан төлөв | Хасагдсан шалтгаан | Гэмтсэн төлөв | Данс заагч | Захиалах боломжгүй | Үндсэн номын сан | Одоогийн байршил | Салбар танхим | Сан хөмрөг 5 | Бүртгэсэн огноо | Тавиурын заалт | Баркод | Үнэ | Хамгийн сүүлд байсан огноо | Салбар | Нийт уншлаганд гарсан тоо | Хамгийн сүүлд уншлаганд гарсан огноо | Төрөл |
|---|---|---|---|---|---|---|---|---|---|---|---|---|---|---|---|---|---|
| МУҮНомын сан салбар | МУҮНомын сан салбар | МУҮНС салбар | Эрдэм танхим 7 давхар | МУҮНС салбар | Эрдэм танхим 7 давхар | 2021-09-10 | 60195 | 02060195 | 2940.00 | 2022-02-24 | 0000020601 | 2 | 2022-02-24 | Ном | |||||
| МУҮНомын сан салбар | МУҮНомын сан салбар | МУҮНС салбар | Эрдэм танхим 7 давхар | МУҮНС салбар | Эрдэм танхим 7 давхар | 2021-09-10 | 60193 | 02060193 | 2940.00 | 2021-09-10 | 0000020601 | 1 | 2018-01-06 | Ном | |||||
| МУҮНомын сан салбар | МУҮНомын сан салбар | МУҮНС салбар | Эрдэм танхим 7 давхар | МУҮНС салбар | Эрдэм танхим 7 давхар | 2021-09-10 | 60191 | 02060191 | 2940.00 | 2022-11-20 | 0000020601 | Ном | |||||||
| МУҮНомын сан салбар | МУҮНомын сан салбар | МУҮНС салбар | Эрдэм танхим 7 давхар | МУҮНС салбар | Эрдэм танхим 7 давхар | 2021-09-10 | 60192 | 02060192 | 2940.00 | 2021-09-10 | 0000020601 | Ном | |||||||
| МУҮНомын сан салбар | МУҮНомын сан салбар | МУҮНС салбар | Эрдэм танхим 7 давхар | МУҮНС салбар | Эрдэм танхим 7 давхар | 2021-09-10 | 60190 | 02060190 | 2940.00 | 2021-11-29 | 0000020601 | Ном | |||||||
| МУҮндэсний Номын сан | МУҮндэсний Номын сан | МУҮНС төв | Ойр фонд | МУҮНС төв | Ойр фонд | 2021-09-20 | 60194 | 02060194 | 2940.00 | 2021-09-20 | 0000020601 | Ном | |||||||
| МУҮндэсний Номын сан | МУҮндэсний Номын сан | МУҮНС төв | Үлдэх нөөц | МУҮНС төв | Үлдэх нөөц | 2021-09-20 | 60196 | 02060196 | 2940.00 | 2021-09-20 | 0000020601 | 2 | 2017-12-15 | Ном |